আন্তর্জাতিক রেটেড দাবা খেলোয়ার হোন / (Record no. 8026)
[ view plain ]
| 000 -LEADER | |
|---|---|
| fixed length control field | 00718nam a2200229 a 4500 |
| 001 - CONTROL NUMBER | |
| JCCL Control Number | 8026 |
| 003 - CONTROL NUMBER IDENTIFIER | |
| JCCL marc code | BD-JhCC |
| 005 - DATE AND TIME OF LATEST TRANSACTION | |
| control field | 20180217180127.0 |
| 008 - FIXED-LENGTH DATA ELEMENTS--GENERAL INFORMATION | |
| fixed length control field | 180217s2006 bg a|||| |||| 000 0 mul d |
| 020 ## - INTERNATIONAL STANDARD BOOK NUMBER | |
| International Standard Book Number | 984458521X |
| 035 ## - SYSTEM CONTROL NUMBER | |
| system control number | (BD-JhCC)8026 |
| 040 ## - CATALOGING SOURCE | |
| Original cataloging agency | BD-JhCC |
| Modifying agency | BD-JhCC |
| 041 ## - LANGUAGE CODE | |
| Language code of Book | Bengali and English |
| 082 ## - DEWEY DECIMAL CLASSIFICATION NUMBER | |
| Classification number | 794.1 |
| Author mark and Year | MON 2006 |
| 100 ## - MAIN ENTRY--PERSONAL NAME | |
| Personal name | মন্ডল, বিশ্বজিৎ |
| 245 ## - TITLE STATEMENT | |
| Title | আন্তর্জাতিক রেটেড দাবা খেলোয়ার হোন / |
| Statement of responsibility, etc | বিশ্বজিৎ মন্ডল |
| 260 ## - PUBLICATION, DISTRIBUTION, ETC. (IMPRINT) | |
| Place of publication, distribution, etc | ঢাকা : |
| Name of publisher, distributor, etc | সময় প্রকাশ, |
| Date of publication, distribution, etc | 2006 |
| 300 ## - PHYSICAL DESCRIPTION | |
| Pagination | 102 p. : |
| Dimensions | 22 cm. |
| 650 ## - SUBJECT ADDED ENTRY--TOPICAL TERM | |
| Topical term or geographic name as entry element | Chess |
| 942 ## - ADDED ENTRY ELEMENTS (KOHA) | |
| Source of classification or shelving scheme | Dewey Decimal Classification |
| Koha item type | Books |
| Source of classification or shelving scheme | Damaged status | Not for loan | Home library | Current library | Shelving location | Source of acquisition | Cost, normal purchase price | Total Checkouts | Full call number | Barcode | Date last seen | Copy number | Koha item type |
|---|---|---|---|---|---|---|---|---|---|---|---|---|---|
| Dewey Decimal Classification | JCC Rouf Library | JCC Rouf Library | General Stacks | Foundation of Tenth's Efforts | 100.00 | 794.1 MON 2006 | 10633 | 02/17/2018 | C-1 | Books |